L'Individu et la société en Islam / (Record no. 11360)

MARC details
000 -LEADER
campo de control de longitud fija 00884nam a2200265 i 4500
001 - NÚMERO DE CONTROL
campo de control 11360
003 - IDENTIFICADOR DE NÚMERO DE CONTROL
campo de control ES-MaACL
005 - FECHA Y HORA DE LA ÚLTIMA TRANSACCIÓN
campo de control 20230906150102.0
007 - CAMPO FIJO DE DESCRIPCIÓN FÍSICA--INFORMACIÓN GENERAL
campo de control de longitud fija t|
008 - DATOS DE LONGITUD FIJA--INFORMACIÓN GENERAL
campo de control de longitud fija 960430s1994 fr ||||1| fre d
020 ## - NÚMERO INTERNACIONAL ESTÁNDAR DEL LIBRO
Número Internacional Estándar del Libro 92-3-202742-9
080 ## - NÚMERO DE LA CLASIFICACIÓN DECIMAL UNIVERSAL
Número de la Clasificación Decimal Universal 297"19"
080 ## - NÚMERO DE LA CLASIFICACIÓN DECIMAL UNIVERSAL
Número de la Clasificación Decimal Universal 008:297
245 02 - MENCIÓN DEL TÍTULO
Título L'Individu et la société en Islam /
Mención de responsabilidad, etc. Directeur de volume: A. Bouhdiba ; codirecteur: M. Ma'ruf al-Dawalibi.
260 ## - PUBLICACIÓN, DISTRIBUCIÓN, ETC.
Lugar de publicación, distribución, etc. Paris :
Nombre del editor, distribuidor, etc. UNESCO,
Fecha de publicación, distribución, etc. cop. 1994.
300 ## - DESCRIPCIÓN FÍSICA
Extensión 480 p. ;
Dimensiones 24 cm.
490 1# - MENCIÓN DE SERIE
Mención de serie Les différents aspects de la culture islamique ;
Designación de volumen o secuencia 2
504 ## - NOTA DE BIBLIOGRAFÍA, ETC.
Nota de bibliografía, etc. Bibliografía : p. 465-478.
650 14 - PUNTO DE ACCESO ADICIONAL DE MATERIA--TÉRMINO DE MATERIA
Término de materia o nombre geográfico como elemento de entrada Islamismo-
Subdivisión cronológica S.XX.
9 (RLIN) 13913
700 1# - ENTRADA AGREGADA--NOMBRE PERSONAL
Nombre de persona Bouhdiba, Abdelwahab.
9 (RLIN) 30878
700 1# - ENTRADA AGREGADA--NOMBRE PERSONAL
Nombre de persona Al-Dawalibi, Muhammad Ma'ruf.
9 (RLIN) 19046
830 0# - PUNTO DE ACCESO ADICIONAL DE SERIE-TÍTULO UNIFORME
Título uniforme Les différents aspects de la culture islamique ;
Designación de volumen o secuencia 2
9 (RLIN) 228195
852 ## - LOCALIZACIÓN
Ubicación ES-MaACL
Número de control de estantería L-18658
Sublocalización o colección R.124885
Holdings
Estatus retirado Estado de pérdida Estado de daño No para préstamo Biblioteca de origen Biblioteca actual Ubicación en estantería Fecha de adquisición Fuente de adquisición Total de préstamos Signatura topográfica completa Código de barras Visto por última vez Precio de reemplazo Tipo de ítem Koha
        Biblioteca del Ateneo de Madrid Biblioteca del Ateneo de Madrid Depósito 2 17/01/2008     L-18658 1011583 23/02/2023 23/02/2023 Libro impreso